| 000 | 00601nam a2200121Ia 4500 | ||
|---|---|---|---|
| 008 | 220216s9999 xx 000 0 und d | ||
| 100 |
_aEsekhade T U _cet al |
||
| 245 | 0 | _aEffect of weeding frequency and fertilizer rates on the growth performance and budding successes of Hevea Rootstock seedling in a humid forest area of South Eastern Nigeria | |
| 260 | _bIRC 2012. International Rubber Conference, 28-31 October 2012, Kovalam, India, Rubber Research Institute of India, Kottayam and IRRDB, Malaysia: Abstracts. pp.134. | ||
| 650 | _aRootstock seedling | ||
| 650 | _aWeeding frequency | ||
| 942 | _cJS | ||
| 999 |
_c58242 _d58242 |
||